Art of advocacy. (Record no. 8580)
[ view plain ]
| 000 -LEADER | |
|---|---|
| fixed length control field | 00776cam a2200253 a 4500 |
| 001 - CONTROL NUMBER | |
| control field | 1844451 |
| 003 - CONTROL NUMBER IDENTIFIER | |
| control field | OSt |
| 005 - DATE AND TIME OF LATEST TRANSACTION | |
| control field | 20170822175041.0 |
| 008 - FIXED-LENGTH DATA ELEMENTS--GENERAL INFORMATION | |
| fixed length control field | 811121m19819999nyu 001 0 eng |
| 010 ## - LIBRARY OF CONGRESS CONTROL NUMBER | |
| LC control number | 81066579 |
| 040 ## - CATALOGING SOURCE | |
| Original cataloging agency | DLC |
| Transcribing agency | BSU |
| Modifying agency | DLC |
| Language of cataloging | English |
| 043 ## - GEOGRAPHIC AREA CODE | |
| Geographic area code | n-us--- |
| 050 00 - LIBRARY OF CONGRESS CALL NUMBER | |
| Classification number | KF8915 |
| Item number | .B35 |
| 082 00 - DEWEY DECIMAL CLASSIFICATION NUMBER | |
| Classification number | 347.052 BAL |
| -- | 347.052 BAL |
| Edition number | 19 |
| 100 1# - MAIN ENTRY--PERSONAL NAME | |
| Personal name | Baldwin, Scott. |
| 9 (RLIN) | 18185 |
| 245 10 - TITLE STATEMENT | |
| Title | Art of advocacy. |
| Name of part/section of a work | Direct examination / |
| Statement of responsibility, etc | Scott Baldwin. |
| 260 ## - PUBLICATION, DISTRIBUTION, ETC. (IMPRINT) | |
| Place of publication, distribution, etc | New York, N.Y. (235 E. 45th St., New York 10017) : |
| Name of publisher, distributor, etc | M. Bender, |
| Date of publication, distribution, etc | 1989 |
| 300 ## - PHYSICAL DESCRIPTION | |
| Extent | xv,48-1p. |
| Dimensions | 26 cm. |
| 500 ## - GENERAL NOTE | |
| General note | Includes index. |
| 650 #0 - SUBJECT ADDED ENTRY--TOPICAL TERM | |
| Topical term or geographic name as entry element | Examination of witnesses |
| Geographic subdivision | United States. |
| 9 (RLIN) | 18186 |
| 906 ## - LOCAL DATA ELEMENT F, LDF (RLIN) | |
| a | 7 |
| b | cbc |
| c | orignew |
| d | 2 |
| e | opcn |
| f | 19 |
| g | y-gencatlg |
| 942 ## - ADDED ENTRY ELEMENTS (KOHA) | |
| Source of classification or shelving scheme | Dewey Decimal Classification |
| Koha item type | Books |
No items available.